000 01201cam a2200361 a 4500
001 2932
003 FISKH
005 20240326090349.0
008 070619s2008 nyu c 000 f eng
010 _a 2007023647
020 _a0399246258 (hardcover) :
020 _a9780545204002
020 _a9780399246258 (hardcover) :
035 _a(OCoLC)156891907
040 _aDLC
_cDLC
_dDLC
_beng
042 _alcac
050 0 0 _aPZ7.L97914
_bBi 2008
082 0 0 _a813.6
_222
100 1 _aLupica, Mike.
245 1 4 _aThe big field /
_cMike Lupica
250 _aFirst Scholastic printing, September 2009
260 _aNew York :
_bScholastic,
_c2008
300 _a243 pages :
_c20 cm
505 _aU
520 _aWhen fourteen-year-old baseball player Hutch feels threatened by the arrival of a new teammate named Darryl, he tries to work through his insecurities about both Darryl and his remote and silent father, who was once a great ballplayer too.
521 8 _a970
_bLexile
650 1 _aBaseball
_vFiction.
650 1 _aFathers and sons
_vFiction.
700 _aMike Lupica
906 _a7
_bcbc
_corignew
_d1
_eecip
_f20
_gy-gencatlg
942 _2ddc
_cBK
_n0
999 _c2932
_d2932